000 00357nam a2200145Ia 4500
008 220923s9999 xx 000 0 und d
020 _a9789350358108
082 _bUMA
100 _aUMANATH, NIRMALA R.
245 0 _aNAMELESS AND FACELESS VICTIMSIN CRIMINAL JUSTICE SYSTEM
260 _c2016
300 _a276
650 _aCriminal Law
942 _cBK
999 _c195592
_d195592